000 00483nam a2200181Ia 4500
008 180921t2014 xxu||||| |||| 00| 0 sin d
041 _asin
080 _a8C3
_b(Youth) BON
100 _aBond, Ruskin
245 _aසැගවුණු බුලන
246 _aSagaunu Bulana
260 _bAshirwada Prakashakayo
_aMeerigama
_c2014
300 _a66p, 21cm
700 _aGunathilaka Matiyagane
_etr.
942 _cBK
999 _c12335
_d12335
003 LK-CoDNM
040 _aLK-CoDNM
_dLK-CoDNM
_eLK-CoDNM